000 00483nam a2200181Ia 4500
005 20250508160839.0
008 008 250505s9999 xx 000 0 eng d
037 _aTextual
040 _aFEDL
_beng
_cFEDL
041 _aeng
_2eng
084 _a658.1, PUG
_qFEDL
100 _aPugh D S Ed.
_9270042
245 0 _aOrganization theory
260 _aLondon, UK
_bCox and Wyman Ltd.
_c1973
300 _a382p.
942 _cTEXL
_h658.1, PUG
999 _c1366964
_d1366964